000 00723nam a2200241Ia 4500
003 OSt
005 20220925221928.0
006 a|||||r|||| 00| 0
007 ta
008 220923b |||||||| |||| 00| 0 eng d
037 _cGeneral Book
040 _aRTL
_cRTL
_beng
041 _2eng
_aeng
082 _aX.1-3.N4, H0.2
100 _aHancock W K
245 0 _aSurvey of British Commonwealth affairs. 2V
260 _aLondon
_bOxford University Press
_c1940
490 _vV 2: Problems of economic policy 1918-1938 (xi,324p)
500 _aAppendix: P 293-306
650 _aEconomic Condition International
942 _hX.1-3.N4, H0.2
_cGB
_2CC
999 _c575626
_d575626